Super high geography - Statistics

General Stats
  • This quiz has been taken 18 times
  • The average score is 52 of 89
Answer Stats
Height (m) Hint Answer % Correct
8800m Highest mountain above sea level Everest
100%
8600m 2nd highest mountain K2
100%
5800m Highest mountain in Africa Kilimanjaro
93%
4800m Highest mountain in Europe (outside Russia) Mont Blanc
93%
1600m Capital of Colorado Denver
87%
6100m Highest mountain in United States Denali
80%
900m World's tallest waterfall Angel Falls
73%
3600m Legislative capital of Bolivia La Paz
73%
1300m Highest mountain in Britain Ben Nevis
67%
5600m Highest mountain in Europe (Russia) Elbrus
67%
400m World's tallest building in 1931 Empire State Building
67%
2800m Judicial capital of Bolivia Sucre
67%
8700m .
60%
8500m .
60%
8400m .
60%
8300m .
60%
8200m .
60%
8100m .
60%
8000m .
60%
7900m .
60%
7800m .
60%
7700m .
60%
7600m .
60%
7500m .
60%
7400m .
60%
7300m .
60%
7200m .
60%
7100m .
60%
7000m .
60%
6800m .
60%
6700m .
60%
6600m .
60%
6500m .
60%
6400m .
60%
6300m .
60%
6200m .
60%
5900m .
60%
5700m .
60%
5500m .
60%
5400m .
60%
5300m .
60%
5200m .
60%
5000m .
60%
4900m .
60%
4700m .
60%
4600m .
60%
4500m .
60%
4400m .
60%
4300m .
60%
4200m .
60%
4100m .
60%
4000m .
60%
3900m .
60%
3800m .
60%
3700m .
60%
3500m .
60%
3300m .
60%
3200m .
60%
3000m .
60%
2900m .
60%
2700m .
60%
2600m .
60%
2500m .
60%
2400m .
60%
2300m .
60%
2200m .
60%
2100m .
60%
2000m .
60%
1900m .
60%
1800m .
60%
1500m .
60%
1200m .
60%
700m .
60%
600m .
60%
500m .
60%
300m .
60%
200m .
60%
0m Sea level .
60%
1700m Depth of world's deepest lake Lake Baikal
60%
800m Tallest manmade structure Burj Khalifa
40%
1000m Highest capital in Europe Andorra La Vella
33%
1100m Highest point in Wales Snowdon
33%
3400m Thabana Ntlenyana, highest point in this country Lesotho
27%
1400m Lowest point of this African country Lesotho
27%
6000m Distance of this island country north to south Nauru
20%
6900m Highest active volcano Ojos del Salado
20%
100m World's tallest tree Hyperion
7%
3100m Highest city in United States Leadville
7%
5100m Highest permanently settled town in the world La Rinconada
0%
No matching quizzes found
Score Distribution
Percent of People with Each Score
Percentile by Number Answered
Your Score History
You have not taken this quiz